<?xml version="1.0" encoding="UTF-8"?><?xml-stylesheet type="text/xsl" href="static/style.xsl"?><OAI-PMH xmlns="http://www.openarchives.org/OAI/2.0/" xmlns:xsi="http://www.w3.org/2001/XMLSchema-instance" xsi:schemaLocation="http://www.openarchives.org/OAI/2.0/ http://www.openarchives.org/OAI/2.0/OAI-PMH.xsd"><responseDate>2026-06-01T04:32:52Z</responseDate><request verb="GetRecord" identifier="oai:riuma.uma.es:10630/14826" metadataPrefix="marc">https://riuma.uma.es/rest/oai/request</request><GetRecord><record><header><identifier>oai:riuma.uma.es:10630/14826</identifier><datestamp>2026-02-03T11:46:20Z</datestamp><setSpec>com_10630_2254</setSpec><setSpec>col_10630_37959</setSpec></header><metadata><record xmlns="http://www.loc.gov/MARC21/slim" xmlns:dcterms="http://purl.org/dc/terms/" xmlns:doc="http://www.lyncode.com/xoai" xmlns:xsi="http://www.w3.org/2001/XMLSchema-instance" xsi:schemaLocation="http://www.loc.gov/MARC21/slim http://www.loc.gov/standards/marcxml/schema/MARC21slim.xsd">
   <leader>00925njm 22002777a 4500</leader>
   <datafield ind2=" " ind1=" " tag="042">
      <subfield code="a">dc</subfield>
   </datafield>
   <datafield ind2=" " ind1=" " tag="720">
      <subfield code="a">Milosevic, Zoran</subfield>
      <subfield code="e">author</subfield>
   </datafield>
   <datafield ind2=" " ind1=" " tag="260">
      <subfield code="c">2017-11-23</subfield>
   </datafield>
   <datafield ind2=" " ind1=" " tag="520">
      <subfield code="a">In this presentation we will describe the benefits of real-time analytics, specifically complex event processing technology, in addressing a number of challenges in digital health applications. We will focus on three uses cases. The first use case is a real-time detection of unusual or inappropriate laboratory orders, the problem which leads to significant and unnecessary costs to many healthcare providers. The second use case is the detection of potential data quality issues associated with source systems in pathology labs, by using a novel idea of applying syndromic surveillance method to the legacy clinical data streams, achieved through statistical analysis of pathology messages to identify “outliers”. The third use case is about supporting clinicians in making timely decisions regarding patient care, taking into account a combination of real-time information about patient conditions and their existing medical conditions taken from electronic health records. We will demonstrate how we used the EventSwarm software framework for complex event processing to support this real-time analytics and will discuss a number of future research directions.</subfield>
   </datafield>
   <datafield ind1="8" ind2=" " tag="024">
      <subfield code="a">http://hdl.handle.net/10630/14826</subfield>
   </datafield>
   <datafield tag="653" ind2=" " ind1=" ">
      <subfield code="a">Proceso electrónico de datos</subfield>
   </datafield>
   <datafield ind2="0" ind1="0" tag="245">
      <subfield code="a">Applying real-time analytics to data streams in digital health</subfield>
   </datafield>
</record>
</metadata></record></GetRecord></OAI-PMH>